|
|
|
|
| LEADER |
00000nab a2200000 a 4500 |
| 001 |
vtls000915593 |
| 003 |
SK-MaSNL |
| 005 |
20260303192202.0 |
| 008 |
040720e19920624xo 0 slo |
| 035 |
|
|
|a KE24477
|
| 040 |
|
|
|a KEVKJB
|b slo
|c KEVKJB
|e AACR2
|
| 041 |
0 |
|
|a slo
|
| 044 |
|
|
|a xo
|c SK
|
| 080 |
|
|
|a 352/353
|2 1981
|
| 100 |
0 |
|
|a (jk)
|4 aut
|9 845332
|
| 245 |
1 |
0 |
|a Trápim sa, trápim...
|b V Košiciach má byť regionálny vedecký park
|
| 610 |
1 |
7 |
|a Košice (Slovensko).
|b Magistrát
|2 KEVKJB
|9 168631
|
| 650 |
0 |
7 |
|a rokovania
|2 KEVKJB
|9 29705
|
| 650 |
0 |
7 |
|a priebeh
|2 KEVKJB
|9 29559
|
| 650 |
0 |
7 |
|a informácie
|2 KEVKJB
|9 1285
|
| 651 |
|
7 |
|a KE,
|2 KEVKJB
|9 877256
|
| 655 |
|
7 |
|a periodikum
|2 snkbucl
|9 29553
|
| 710 |
2 |
|
|a Košice (Slovensko).
|b Magistrát
|4 aut
|9 168631
|
| 773 |
0 |
8 |
|t Slovenský východ
|g Roč. 2
|g Roč. 20, č.147, 24.6.1992, s. 1
|
| 852 |
|
|
|a ZVYKNI
|b KIS3GCP
|
| 999 |
|
|
|c 2144807
|d 2146737
|